00311nam a2200121Ia 45000030006000000080041000060400015000471000022000622450039000842600037001235460012001600050017001720STCL150530s9999 xx 000 0 und d aSTCLcSTCL aMilton; Grose; Ed aJohn Milton: Paradise Lost books I bCambridge university pressc1902 aEnglish20220125170933.0